[Event "Online Olym Div2 A"]
[Site "Chess.com INT"]
[Date "2021.09.03"]
[Round "6.1"]
[White "Xu, Tong"]
[Black "Shih, Ching An"]
[Result "1-0"]
[WhiteElo "2111"]
[BlackElo "1582"]
[PlyCount "133"]
[EventDate "2021.09.02"]
[EventType "team (rapid)"]
[EventRounds "9"]
[EventCountry "USA"]
[SourceTitle "CBM 204 Extra"]
[Source "ChessBase"]
[SourceDate "2021.11.30"]
[SourceVersion "1"]
[SourceVersionDate "2021.11.30"]
[SourceQuality "1"]
[WhiteTeam "Shenzhen China"]
[BlackTeam "Taiwan"]
[WhiteTeamCountry "CHN"]
[BlackTeamCountry "TPE"]

1. e4 e5 2. Nf3 d6 3. d4 exd4 4. Nxd4 Nf6 5. Nc3 Be7 6. Be2 Nbd7 7. 0-0 0-0 8. Re1 a6 9. f4 Re8 10. Bf3 Bf8 11. Be3 Nc5 12. Bf2 Ne6 13. Nxe6 Bxe6 14. Bd4 c6 15. b3 d5 16. e5 Nd7 17. Bg4 Bc5 18. Bxc5 Nxc5 19. Kh1 Qh4 20. f5 Bc8 21. Bh3 a5 22. Qd2 b5 23. a3 Nd7 24. e6 fxe6 25. fxe6 Nc5 26. Rad1 Bxe6 27. Bxe6+ Nxe6 28. Ne2 Rad8 29. Ng3 b4 30. axb4 axb4 31. Rf1 Rf8 32. Nf5 Qg5 33. Qxg5 Nxg5 34. Ne7+ Kh8 35. Rxf8+ Rxf8 36. Nxc6 Ne4 37. Kg1 g6 38. Nxb4 Rc8 39. Rxd5 Kg7 40. Rd4 Nf6 41. h3 h5 42. c4 Rb8 43. c5 Kf7 44. c6 Rc8 45. Kf2 Ke6 46. Ke3 g5 47. Kd3 g4 48. hxg4 Nxg4 49. Kc4 Ne3+ 50. Kc5 Nxg2 51. Nd5 h4 52. Rd3 Rh8 53. c7 h3 54. Rxh3 Rxh3 55. c8Q+ Ke5 56. Qxh3 Nf4 57. Nxf4 Ke4 58. Qg2+ Ke5 59. b4 Kxf4 60. b5 Ke3 61. b6 Kf4 62. b7 Ke3 63. b8R Kd3 64. Rd8+ Kc3 65. Qf3+ Kb2 66. Rd2+ Kc1 67. Qd1# 1-0

[Event "CHN-chTB"]
[Site "Harbin"]
[Date "2019.07.27"]
[Round "11.1"]
[White "Xu, Tong"]
[Black "Du, Yuxin"]
[Result "1-0"]
[WhiteElo "2129"]
[BlackElo "2015"]
[PlyCount "63"]
[EventDate "2019.07.20"]
[EventType "team-swiss"]
[EventRounds "11"]
[EventCountry "CHN"]
[SourceTitle "CBM 191 Extra"]
[Source "ChessBase"]
[SourceDate "2019.09.30"]
[SourceVersion "1"]
[SourceVersionDate "2019.09.30"]
[SourceQuality "1"]
[WhiteTeam "Shenzhen Ticai"]
[BlackTeam "Ningbo Huangli School"]
[WhiteTeamCountry "CHN"]
[BlackTeamCountry "CHN"]

1. e4 c6 2. d4 d5 3. exd5 cxd5 4. Bd3 Nc6 5. c3 Qc7 6. h3 Nf6 7. Nf3 g6 8. 0-0 Bf5 9. Bxf5 gxf5 10. Re1 e6 11. Nbd2 Be7 12. Nf1 Ne4 13. Re2 Rg8 14. Ne1 0-0-0 15. Nd3 Bd6 16. a4 Rg6 17. f3 Ng3 18. Nxg3 Rxg3 19. Kh1 Rdg8 20. Bd2 Kb8 21. Qc1 Na5 22. Qd1 Nc4 23. b3 Nxd2 24. Qxd2 Qd8 25. Qe1 Qh4 26. Qf1 R3g7 27. f4 Rg3 28. Rd1 Rc8 29. Rc2 Rg4 30. Qe1 Bxf4 31. Nxf4 Rxf4 32. g3 1-0

[Event "CHN-chTB"]
[Site "Harbin"]
[Date "2019.07.22"]
[Round "4.3"]
[White "Xu, Tong"]
[Black "Wang, Doudou"]
[Result "0-1"]
[WhiteElo "2129"]
[BlackElo "2153"]
[PlyCount "111"]
[EventDate "2019.07.20"]
[EventType "team-swiss"]
[EventRounds "11"]
[EventCountry "CHN"]
[SourceTitle "CBM 191 Extra"]
[Source "ChessBase"]
[SourceDate "2019.09.30"]
[SourceVersion "1"]
[SourceVersionDate "2019.09.30"]
[SourceQuality "1"]
[WhiteTeam "Shenzhen Ticai"]
[BlackTeam "Hebei Chess and Card Center"]
[WhiteTeamCountry "CHN"]
[BlackTeamCountry "CHN"]

1. e4 c5 2. Nf3 Nc6 3. d3 g6 4. g3 Bg7 5. Bg2 e5 6. 0-0 Nge7 7. c3 0-0 8. Be3 d6 9. a3 b6 10. b4 h6 11. Nh4 Bb7 12. Ra2 Qd7 13. f4 exf4 14. gxf4 d5 15. f5 d4 16. b5 dxe3 17. bxc6 Nxc6 18. f6 Bh8 19. Qe2 Qe6 20. Rb2 Bxf6 21. Nf3 Rad8 22. Qxe3 Bg7 23. Rd2 Ne5 24. Nxe5 Qxe5 25. Rfd1 Bf6 26. d4 cxd4 27. cxd4 Bg5 28. Qf2 Qe7 29. Re2 Ba6 30. Rc2 Rc8 31. Kh1 Rxc2 32. Qxc2 Rc8 33. Qb3 Be2 34. Rg1 Qc7 35. e5 Qc4 36. Qh3 Rd8 37. d5 Rxd5 38. Qc3 Rc5 39. Qxc4 Bxc4 40. Re1 Bh4 41. Rc1 Rxe5 42. Nd2 Be6 43. Nf3 Bg5 44. Nxg5 hxg5 45. Kg1 Re3 46. a4 Ra3 47. Bc6 Ra2 48. Rc3 Kg7 49. Rd3 g4 50. Rd8 Rc2 51. Bb5 Kf6 52. Rd4 Ke5 53. Rb4 f5 54. Bd3 Rd2 55. Bc4 Bxc4 56. Rxc4 0-1

[Event "CHN-chT (Women)"]
[Site "Daqing"]
[Date "2019.06.26"]
[Round "8.4"]
[White "Yu, Moqi"]
[Black "Xu, Tong"]
[Result "1/2-1/2"]
[WhiteElo "2078"]
[BlackElo "2131"]
[PlyCount "51"]
[EventDate "2019.06.19"]
[EventType "team-swiss"]
[EventRounds "9"]
[EventCountry "CHN"]
[SourceTitle "CBM 191 Extra"]
[Source "ChessBase"]
[SourceDate "2019.09.30"]
[SourceVersion "1"]
[SourceVersionDate "2019.09.30"]
[SourceQuality "1"]
[WhiteTeam "Hunan (W)"]
[BlackTeam "Shenzhen (W)"]
[WhiteTeamCountry "CHN"]
[BlackTeamCountry "CHN"]

1. e4 c5 2. c3 d5 3. exd5 Qxd5 4. d4 Nc6 5. Nf3 Nf6 6. Be2 e6 7. 0-0 Be7 8. Na3 a6 9. Nc4 Qd8 10. dxc5 Bxc5 11. Qxd8+ Kxd8 12. b4 Ba7 13. Bg5 Ke7 14. a4 h6 15. Bh4 g5 16. Bg3 Ne4 17. Rac1 f6 18. Bc7 Bd7 19. Nb6 Bxb6 20. Bxb6 e5 21. Bd3 Bf5 22. Rfe1 Nd6 23. Bf1 Ne4 24. Bd3 Nd6 25. Bf1 Ne4 26. Bd3 1/2-1/2

[Event "CHN-chT (Women)"]
[Site "Hangzhou"]
[Date "2018.06.22"]
[Round "6.2"]
[White "Xu, Tong"]
[Black "Zheng, Xiner"]
[Result "1-0"]
[WhiteElo "2129"]
[BlackElo "1522"]
[PlyCount "87"]
[EventDate "2018.06.19"]
[EventType "team-swiss"]
[EventRounds "9"]
[EventCountry "CHN"]
[SourceTitle "CBM 185 Extra"]
[Source "ChessBase"]
[SourceDate "2018.07.29"]
[SourceVersion "1"]
[SourceVersionDate "2018.07.29"]
[SourceQuality "1"]
[WhiteTeam "Shenzhen (W)"]
[BlackTeam "Zhejiang (W)"]
[WhiteTeamCountry "CHN"]
[BlackTeamCountry "CHN"]

1. e4 c5 2. Nf3 d6 3. g3 Nc6 4. Bg2 g6 5. 0-0 Bg7 6. c3 e5 7. d3 Nge7 8. Be3 f5 9. a3 h6 10. b4 b6 11. exf5 Bxf5 12. Nh4 Rc8 13. Nxf5 Nxf5 14. Qb3 Nce7 15. g4 Nh4 16. f4 Nxg2 17. Kxg2 Qd7 18. h3 Qc6+ 19. Kg1 Rf8 20. bxc5 bxc5 21. Nd2 Nd5 22. Rae1 Kd7 23. fxe5 Bxe5 24. Ne4 g5 25. Qc4 Bf4 26. Bf2 Rce8 27. Qb3 Be5 28. d4 c4 29. Qc2 Bf4 30. Re2 Re6 31. Rfe1 Rfe8 32. a4 Be3 33. Bxe3 Rxe4 34. Kf2 Kc8 35. Bc1 Nf6 36. Re3 d5 37. Kg1 Qd6 38. Qf2 Kb7 39. Kg2 Rf4 40. Qb2+ Kc7 41. Rxe8 Nxe8 42. Bxf4 gxf4 43. Rxe8 f3+ 44. Kf1 1-0

[Event "Zibo zt 3.5 (Women)"]
[Site "Zibo"]
[Date "2017.08.12"]
[Round "8"]
[White "Xu, Tong"]
[Black "Hu, Yue"]
[Result "1-0"]
[WhiteElo "2179"]
[BlackElo "1940"]
[PlyCount "71"]
[EventDate "2017.08.07"]
[EventType "swiss"]
[EventRounds "11"]
[EventCountry "CHN"]
[SourceTitle "CBM 179 Extra"]
[Source "ChessBase"]
[SourceDate "2017.08.23"]
[SourceVersion "1"]
[SourceVersionDate "2017.08.23"]
[SourceQuality "1"]

1. e4 c5 2. Nf3 d6 3. d4 cxd4 4. Nxd4 Nf6 5. Nc3 a6 6. Be2 e5 7. Nb3 Be7 8. 0-0 0-0 9. f4 exf4 10. Bxf4 Nc6 11. a4 Be6 12. Kh1 d5 13. e5 Ne4 14. Bd3 f5 15. exf6 Nxf6 16. Ne2 Bg4 17. Qd2 Nb4 18. Ned4 Nxd3 19. Qxd3 Ne4 20. Nd2 g5 21. Nxe4 gxf4 22. Nf2 Bc8 23. Nh3 Bd6 24. Ne2 Be5 25. Nhxf4 Bxb2 26. Rab1 Bg7 27. Nxd5 Be6 28. Nef4 Bf7 29. c4 b5 30. axb5 axb5 31. Rxb5 Ra2 32. Rbb1 Qg5 33. Qh3 Re8 34. Rbe1 Be5 35. Qd7 Kf8 36. Ne6+ 1-0

[Event "Zibo zt 3.5 (Women)"]
[Site "Zibo"]
[Date "2017.08.09"]
[Round "4"]
[White "Xu, Tong"]
[Black "Chen, Yiru"]
[Result "1-0"]
[WhiteElo "2179"]
[BlackElo "1819"]
[PlyCount "67"]
[EventDate "2017.08.07"]
[EventType "swiss"]
[EventRounds "11"]
[EventCountry "CHN"]
[SourceTitle "CBM 179 Extra"]
[Source "ChessBase"]
[SourceDate "2017.08.23"]
[SourceVersion "1"]
[SourceVersionDate "2017.08.23"]
[SourceQuality "1"]

1. e4 c5 2. Nf3 d6 3. d4 cxd4 4. Nxd4 Nf6 5. Nc3 a6 6. Be2 e6 7. 0-0 Qc7 8. f4 Be7 9. Kh1 Nc6 10. Be3 Bd7 11. a4 Nxd4 12. Bxd4 Bc6 13. Bf3 e5 14. Be3 0-0 15. a5 Nd7 16. Qe2 b5 17. axb6 Qb7 18. fxe5 dxe5 19. Nd5 Bc5 20. Bxc5 Nxc5 21. Ra3 f5 22. Qc4 fxe4 23. Ne7+ Kh8 24. Qxc5 Bb5 25. c4 exf3 26. Raxf3 Rxf3 27. Rxf3 Ba4 28. b3 Bd7 29. Nd5 h6 30. Rf7 Qc6 31. Rf8+ Rxf8 32. Qxf8+ Kh7 33. Ne7 Be6 34. Nxc6 1-0

[Event "Zibo zt 3.5 (Women)"]
[Site "Zibo"]
[Date "2017.08.08"]
[Round "3"]
[White "Zhang, Jing B"]
[Black "Xu, Tong"]
[Result "0-1"]
[WhiteElo "1553"]
[BlackElo "2179"]
[PlyCount "64"]
[EventDate "2017.08.07"]
[EventType "swiss"]
[EventRounds "11"]
[EventCountry "CHN"]
[SourceTitle "CBM 179 Extra"]
[Source "ChessBase"]
[SourceDate "2017.08.23"]
[SourceVersion "1"]
[SourceVersionDate "2017.08.23"]
[SourceQuality "1"]

1. e4 c5 2. Nf3 d6 3. d4 cxd4 4. Nxd4 Nf6 5. Nc3 Nc6 6. Be3 g6 7. f3 Bg7 8. Qd2 0-0 9. 0-0-0 d5 10. Nxc6 bxc6 11. exd5 cxd5 12. Nxd5 Nxd5 13. Qxd5 Qc7 14. Qc5 Qb7 15. Bd4 Bxd4 16. Qxd4 Bf5 17. Bd3 Rfd8 18. Qe3 Rab8 19. b3 Be6 20. Be4 Qc7 21. Rxd8+ Rxd8 22. g4 a5 23. h4 a4 24. bxa4 Qe5 25. c3 Bxa2 26. f4 Qd6 27. Kb2 Rb8+ 28. Kc1 Qa3+ 29. Kd2 Rb2+ 30. Ke1 Bd5 31. Kf1 Bc4+ 32. Bd3 Qa1+ 0-1

[Event "CHN Team (Women)"]
[Site "Beijing"]
[Date "2017.06.14"]
[Round "9.2"]
[White "Xu, Tong"]
[Black "Wang, Yu A"]
[Result "1/2-1/2"]
[WhiteElo "2176"]
[BlackElo "2354"]
[PlyCount "69"]
[EventDate "2017.06.06"]
[EventType "team-swiss"]
[EventRounds "9"]
[EventCountry "CHN"]
[SourceTitle "CBM 178 Extra"]
[Source "ChessBase"]
[SourceDate "2017.06.22"]
[SourceVersion "1"]
[SourceVersionDate "2017.06.22"]
[SourceQuality "1"]
[WhiteTeam "Shenzhen (W)"]
[BlackTeam "Beijing (W)"]
[WhiteTeamCountry "CHN"]
[BlackTeamCountry "CHN"]

1. e4 e5 2. Nf3 Nc6 3. Bb5 a6 4. Ba4 Nf6 5. 0-0 Be7 6. Re1 b5 7. Bb3 d6 8. c3 0-0 9. d3 Na5 10. Bc2 c5 11. Nbd2 Nc6 12. Nf1 Re8 13. a4 b4 14. Ne3 Bf8 15. Nc4 a5 16. Bg5 h6 17. Bh4 Be6 18. Bb3 Rb8 19. Ba2 Be7 20. Ne3 b3 21. Bb1 Ng4 22. Bxe7 Nxe7 23. Nc4 Ng6 24. Ra3 d5 25. exd5 Bxd5 26. h3 Bxc4 27. dxc4 Qxd1 28. Rxd1 e4 29. Bxe4 Rxe4 30. hxg4 Rxg4 31. Nd2 Rd8 32. Raa1 Nh4 33. Nxb3 Nf3+ 34. Kf1 Nh2+ 35. Kg1 1/2-1/2

[Event "CHN Team (Women)"]
[Site "Beijing"]
[Date "2017.06.08"]
[Round "3.3"]
[White "Xu, Tong"]
[Black "Zhang, Xiaowen"]
[Result "1/2-1/2"]
[WhiteElo "2176"]
[BlackElo "2355"]
[PlyCount "64"]
[EventDate "2017.06.06"]
[EventType "team-swiss"]
[EventRounds "9"]
[EventCountry "CHN"]
[SourceTitle "CBM 178 Extra"]
[Source "ChessBase"]
[SourceDate "2017.06.22"]
[SourceVersion "1"]
[SourceVersionDate "2017.06.22"]
[SourceQuality "1"]
[WhiteTeam "Shenzhen (W)"]
[BlackTeam "Shanghai (W)"]
[WhiteTeamCountry "CHN"]
[BlackTeamCountry "CHN"]

1. e4 e6 2. d4 d5 3. exd5 exd5 4. Bd3 Nf6 5. h3 Be7 6. Nf3 0-0 7. 0-0 Nbd7 8. Re1 c5 9. c3 b6 10. Bf4 Bb7 11. Nbd2 Re8 12. a4 a6 13. Qc2 Nf8 14. Bg5 Qc7 15. g3 h6 16. Bf4 Bd6 17. Bxd6 Qxd6 18. Rad1 Ne6 19. Bf5 Nf8 20. Bd3 g6 21. h4 Kg7 22. Nf1 c4 23. Be2 Re7 24. Ne5 Rae8 25. Ne3 N8d7 26. Nxd7 Nxd7 27. Bf3 Nf6 28. Ng2 Bc8 29. Qc1 Bd7 30. Rxe7 Rxe7 31. Qc2 Bf5 32. Qd2 Qd7 1/2-1/2

[Event "CHN Team (Women)"]
[Site "Beijing"]
[Date "2017.06.07"]
[Round "2.5"]
[White "Yang, Yijing"]
[Black "Xu, Tong"]
[Result "0-1"]
[WhiteElo "2014"]
[BlackElo "2176"]
[PlyCount "92"]
[EventDate "2017.06.06"]
[EventType "team-swiss"]
[EventRounds "9"]
[EventCountry "CHN"]
[SourceTitle "CBM 178 Extra"]
[Source "ChessBase"]
[SourceDate "2017.06.22"]
[SourceVersion "1"]
[SourceVersionDate "2017.06.22"]
[SourceQuality "1"]
[WhiteTeam "Hebei (W)"]
[BlackTeam "Shenzhen (W)"]
[WhiteTeamCountry "CHN"]
[BlackTeamCountry "CHN"]

1. d4 Nf6 2. c4 g6 3. Nc3 Bg7 4. e4 d6 5. Nf3 0-0 6. Be2 c5 7. d5 e6 8. 0-0 exd5 9. cxd5 Re8 10. Nd2 Na6 11. f3 Nc7 12. a4 b6 13. Nc4 Ba6 14. Bg5 Bxc4 15. Bxc4 a6 16. Qd3 h6 17. Bh4 Qd7 18. Rfb1 Nh5 19. Ra3 Nf4 20. Qf1 g5 21. Bg3 Bd4+ 22. Bf2 Bxc3 23. bxc3 b5 24. axb5 axb5 25. Rxa8 Rxa8 26. Bxb5 Nxb5 27. Rxb5 Ra2 28. Rb1 Rc2 29. Qd1 Qa4 30. h4 Qa2 31. Qf1 Kg7 32. Ra1 Qb2 33. Rb1 Qxc3 34. hxg5 hxg5 35. Qe1 Ne2+ 36. Kf1 Qc4 37. Ra1 Kg6 38. Be3 Nf4+ 39. Kg1 Nxg2 40. Qg3 Nxe3 41. Qxd6+ f6 42. Qf8 Rc1+ 43. Kf2 Qc2+ 44. Kxe3 Qc3+ 45. Kf2 Rc2+ 46. Kg3 Qe5+ 0-1

[Event "CHN-ch (Women)"]
[Site "Xinghua Jiangsu"]
[Date "2011.04.03"]
[Round "5"]
[White "Zhao, Xue"]
[Black "Xu, Tong"]
[Result "1-0"]
[WhiteElo "2495"]
[BlackElo "2217"]
[PlyCount "67"]
[EventDate "2011.03.30"]
[EventType "tourn"]
[EventRounds "11"]
[EventCountry "CHN"]
[EventCategory "6"]
[SourceTitle "CBM 141 Extra"]
[Source "ChessBase"]
[SourceDate "2011.05.03"]
[SourceVersion "1"]
[SourceVersionDate "2011.05.03"]
[SourceQuality "1"]

1. c4 c5 2. Nf3 Nf6 3. g3 g6 4. Bg2 Bg7 5. 0-0 0-0 6. d4 cxd4 7. Nxd4 d6 8. Nc3 Nbd7 9. b3 Nc5 10. h3 Rb8 11. Be3 Bd7 12. Qd2 a6 13. Rac1 Ne6 14. Rfd1 Nxd4 15. Bxd4 Bc6 16. e4 Nd7 17. Be3 b5 18. Nd5 bxc4 19. Rxc4 Bxd5 20. exd5 a5 21. Ra4 Ra8 22. Rc1 h5 23. Rc6 Kh7 24. Kh2 Bf6 25. Qe2 Qb8 26. Be4 Kg8 27. Qc2 Qd8 28. Kg2 Kg7 29. Qd2 Rh8 30. Qe1 Re8 31. Rc2 Be5 32. Bf3 f5 33. Bd2 Nc5 34. Rxc5 1-0

[Event "CHN-ch (Women)"]
[Site "Xinghua Jiangsu"]
[Date "2011.03.30"]
[Round "1"]
[White "Xu, Tong"]
[Black "Ju, Wenjun"]
[Result "0-1"]
[WhiteElo "2217"]
[BlackElo "2519"]
[PlyCount "114"]
[EventDate "2011.03.30"]
[EventType "tourn"]
[EventRounds "11"]
[EventCountry "CHN"]
[EventCategory "6"]
[SourceTitle "CBM 141 Extra"]
[Source "ChessBase"]
[SourceDate "2011.05.03"]
[SourceVersion "1"]
[SourceVersionDate "2011.05.03"]
[SourceQuality "1"]

1. e4 c5 2. Nf3 d6 3. Bc4 Nf6 4. d3 Nc6 5. c3 g6 6. 0-0 Bg7 7. Bb3 0-0 8. Re1 b5 9. h3 Nd7 10. d4 cxd4 11. cxd4 Bb7 12. Nc3 a6 13. Bg5 h6 14. Bh4 Rc8 15. Rc1 g5 16. Bg3 b4 17. Nd5 Nxd4 18. Rxc8 Nxf3+ 19. Qxf3 Bxc8 20. Nxb4 Bxb2 21. Nc6 Qe8 22. h4 Nc5 23. e5 g4 24. Qd5 Be6 25. Nxe7+ Qxe7 26. exd6 Qa7 27. Qd2 Bg7 28. Bc2 Rc8 29. Bf4 Nd7 30. Qd3 Nf8 31. Be5 Qc5 32. Bxg7 Kxg7 33. Bb3 Bxb3 34. axb3 Rd8 35. Rd1 a5 36. Qg3 h5 37. Kh2 Ng6 38. d7 Qe5 39. Qxe5+ Nxe5 40. Rd5 f6 41. Rxa5 Rxd7 42. Rb5 Rd3 43. b4 Rb3 44. Rb7+ Kg6 45. b5 Kf5 46. Rb8 Ng6 47. b6 Nxh4 48. b7 Ng6 49. f3 Rb2 50. fxg4+ hxg4 51. Kg3 Rb3+ 52. Kf2 Ne5 53. Kg1 Nd7 54. Rh8 Rxb7 55. Rh7 Rb1+ 56. Kh2 Ne5 57. Ra7 Rb2 0-1

[Event "CHN-ch (Women)"]
[Site "Xinghua Jiangsu"]
[Date "2009.06.01"]
[Round "6"]
[White "Wang, Yu A"]
[Black "Xu, Tong"]
[Result "1-0"]
[WhiteElo "2364"]
[BlackElo "2231"]
[PlyCount "81"]
[EventDate "2009.05.26"]
[EventType "tourn"]
[EventRounds "11"]
[EventCountry "CHN"]
[EventCategory "4"]
[SourceTitle "CBM 130 Extra"]
[Source "ChessBase"]
[SourceDate "2009.07.02"]
[SourceVersion "2"]
[SourceVersionDate "2009.07.15"]
[SourceQuality "1"]

1. e4 c5 2. Nf3 Nc6 3. d4 cxd4 4. Nxd4 g6 5. Nc3 Bg7 6. Be3 Nf6 7. Be2 0-0 8. 0-0 d6 9. Qd2 Bd7 10. Rfd1 a6 11. a4 Rc8 12. f3 Nxd4 13. Bxd4 Be6 14. a5 Bc4 15. b3 Bxe2 16. Nxe2 Nd7 17. Bxg7 Kxg7 18. c4 Qc7 19. Kh1 Qc5 20. Nc3 Nf6 21. Na4 Qe5 22. Nb6 Rc6 23. Re1 e6 24. f4 Qh5 25. e5 dxe5 26. Rxe5 Qh6 27. Qd4 Ng4 28. h3 Nxe5 29. fxe5 Qg5 30. Rd1 Qe7 31. Rd3 Re8 32. Qf4 Rc7 33. Rd6 f6 34. exf6+ Qxf6 35. Qxf6+ Kxf6 36. Nd5+ Ke5 37. Nxc7 Kxd6 38. Nxe8+ Ke7 39. Nc7 Kd6 40. Nxa6 bxa6 41. b4 1-0

[Event "CHN-ch (Women)"]
[Site "Xinghua Jiangsu"]
[Date "2009.05.29"]
[Round "4"]
[White "Ju, Wenjun"]
[Black "Xu, Tong"]
[Result "1-0"]
[WhiteElo "2454"]
[BlackElo "2231"]
[PlyCount "111"]
[EventDate "2009.05.26"]
[EventType "tourn"]
[EventRounds "11"]
[EventCountry "CHN"]
[EventCategory "4"]
[SourceTitle "CBM 130 Extra"]
[Source "ChessBase"]
[SourceDate "2009.07.02"]
[SourceVersion "2"]
[SourceVersionDate "2009.07.15"]
[SourceQuality "1"]

1. Nf3 Nf6 2. c4 g6 3. d4 Bg7 4. g3 0-0 5. Bg2 d6 6. 0-0 Nbd7 7. Nc3 e5 8. e4 Re8 9. h3 h6 10. Rb1 a5 11. b3 exd4 12. Nxd4 Nc5 13. Re1 Nh7 14. Bb2 Ng5 15. h4 Nh3+ 16. Kf1 d5 17. Nxd5 c6 18. Nf5 Bxb2 19. Nfe7+ Kg7 20. Rxb2 cxd5 21. Qd4+ f6 22. e5 Ne4 23. Nxd5 Nxg3+ 24. fxg3 fxe5 25. Rxe5 Rxe5 26. Qxe5+ Kf7 27. Re2 Ra6 28. Qe7+ Qxe7 29. Rxe7+ Kf8 30. Rc7 Bf5 31. Rxb7 Re6 32. Bxh3 Bxh3+ 33. Kf2 Bg4 34. Nf4 Rf6 35. Rb5 a4 36. bxa4 Bd7 37. Ra5 Rb6 38. Ke3 Rb2 39. Nxg6+ Kg8 40. Ra8+ Kg7 41. Ra7 Kxg6 42. Rxd7 Rxa2 43. c5 Rxa4 44. c6 Rc4 45. c7 Kh5 46. Kd3 Rc1 47. Ke4 Kg4 48. Rg7+ Kh5 49. Rh7 Kg4 50. Kd5 Kxg3 51. Kd6 Rd1+ 52. Ke7 Rc1 53. Kd8 Rd1+ 54. Rd7 Rc1 55. h5 Kg4 56. Rd5 1-0

[Event "Asian Continental op (Women) 08th"]
[Site "Subic Bay"]
[Date "2009.05.22"]
[Round "10"]
[White "Xu, Tong"]
[Black "Hoang, Thi Bao Tram"]
[Result "0-1"]
[WhiteElo "2231"]
[BlackElo "2239"]
[PlyCount "108"]
[EventDate "2009.05.13"]
[EventType "swiss"]
[EventRounds "11"]
[EventCountry "PHI"]
[SourceTitle "CBM 130 Extra"]
[Source "ChessBase"]
[SourceDate "2009.07.02"]
[SourceVersion "2"]
[SourceVersionDate "2009.07.15"]
[SourceQuality "1"]

1. e4 c6 2. d4 d5 3. e5 g6 4. Nf3 Bg4 5. Be2 Bxf3 6. Bxf3 e6 7. 0-0 h5 8. Be2 Qb6 9. Na3 Nh6 10. c4 dxc4 11. Nxc4 Qd8 12. Bxh6 Rxh6 13. Qd2 Rh8 14. Bf3 Be7 15. Be4 Na6 16. a3 Kf8 17. Rad1 Nc7 18. Na5 Rb8 19. b4 Nd5 20. f4 Kg7 21. Qd3 Qd7 22. Rf3 Bd8 23. Nb3 Bb6 24. Nc5 Bxc5 25. dxc5 Qe7 26. Rdf1 Rbd8 27. Qc2 h4 28. Qf2 Rd7 29. Rh3 Nc7 30. Kh1 Qd8 31. Qf3 Rd4 32. g4 hxg3 33. Rxg3 Qh4 34. Rg2 Qh5 35. Qe3 Rd1 36. Qg1 Rxf1 37. Qxf1 Rd8 38. Bc2 Nd5 39. Qf2 Ne7 40. Rg5 Qh6 41. Kg2 Rh8 42. Kg1 Qh4 43. Rg3 Nd5 44. f5 exf5 45. Bxf5 Rh5 46. Bc8 Qe7 47. e6 fxe6 48. Qe2 Nf4 49. Qe4 Qf6 50. Re3 Rg5+ 51. Rg3 Qa1+ 52. Kf2 Rf5 53. Rf3 Qb2+ 54. Ke1 Re5 0-1

[Event "Asian Continental op (Women) 08th"]
[Site "Subic Bay"]
[Date "2009.05.13"]
[Round "1"]
[White "Zhu, Chen"]
[Black "Xu, Tong"]
[Result "1-0"]
[WhiteElo "2491"]
[BlackElo "2231"]
[PlyCount "103"]
[EventDate "2009.05.13"]
[EventType "swiss"]
[EventRounds "11"]
[EventCountry "PHI"]
[SourceTitle "CBM 130 Extra"]
[Source "ChessBase"]
[SourceDate "2009.07.02"]
[SourceVersion "2"]
[SourceVersionDate "2009.07.15"]
[SourceQuality "1"]

1. d4 d5 2. c4 e6 3. Nf3 Nf6 4. Nc3 Be7 5. Qc2 0-0 6. Bg5 h6 7. Bh4 b6 8. 0-0-0 Bb7 9. Ne5 Nbd7 10. f3 Rc8 11. e4 c5 12. Nxd7 Nxd7 13. Bxe7 Qxe7 14. cxd5 exd5 15. exd5 Qe3+ 16. Qd2 cxd4 17. Qxe3 dxe3 18. Bd3 Nf6 19. Be4 Rc5 20. Kc2 Nxe4 21. fxe4 e2 22. Rd2 Ba6 23. Re1 Rc7 24. Rd4 Re8 25. Kd2 Rc4 26. Rxc4 Bxc4 27. Ke3 f6 28. Kd4 Rc8 29. b3 Ba6 30. a4 Kf7 31. h4 g5 32. h5 Ke8 33. g4 Rc5 34. Nxe2 Rc2 35. Ng3 Rd2+ 36. Ke3 Rd3+ 37. Kf2 Bc8 38. Nf5 Bxf5 39. exf5+ Kf7 40. Rc1 Rxd5 41. Rc7+ Kg8 42. Rxa7 Rd3 43. b4 Rd4 44. b5 Rd8 45. Ke3 Kf8 46. Ke4 Rd6 47. Rh7 Kg8 48. Re7 Rd1 49. Re6 Ra1 50. Rxb6 Rxa4+ 51. Kd5 Rxg4 52. Rxf6 1-0

[Event "CHN-chT 4th"]
[Site "China"]
[Date "2008.12.09"]
[Round "17"]
[White "Xu, Tong"]
[Black "Pan, Qian"]
[Result "0-1"]
[WhiteElo "2253"]
[BlackElo "2167"]
[PlyCount "118"]
[EventDate "2008.12.??"]
[EventType "team-tourn"]
[EventRounds "18"]
[EventCountry "CHN"]
[SourceTitle "EXT 2017"]
[Source "ChessBase"]
[SourceDate "2016.10.25"]
[SourceVersion "1"]
[SourceVersionDate "2016.10.25"]
[SourceQuality "1"]

1. e4 e5 2. Nf3 Nc6 3. Bb5 a6 4. Ba4 Nf6 5. 0-0 Nxe4 6. d4 b5 7. Bb3 d5 8. dxe5 Be6 9. c3 Bc5 10. Bc2 0-0 11. h3 f6 12. exf6 Qxf6 13. Nbd2 Rad8 14. Nb3 Bb6 15. Nbd4 Nxd4 16. Nxd4 Bc8 17. Bxe4 dxe4 18. Qb3+ Kh8 19. Be3 c5 20. Ne2 Be6 21. Qc2 Bc4 22. Rfe1 Bd3 23. Qc1 Bc7 24. a4 Bxe2 25. Rxe2 Qe5 26. g3 Qh5 27. Qe1 h6 28. axb5 axb5 29. Kh2 Rd3 30. Ra7 Bb8 31. Re7 Qd5 32. Rd2 Rd8 33. Rxd3 exd3 34. Qd2 Bd6 35. Ra7 Bb8 36. Re7 Bd6 37. Ra7 Bf8 38. b4 cxb4 39. cxb4 Qe4 40. Qb2 Qxb4 41. Qa1 d2 42. Bxh6 Qd4 43. Bxd2 Qxd2 44. Rf7 Kg8 45. Rf3 b4 46. Qa6 Qd5 47. Rf4 Ra8 48. Qe2 b3 49. h4 Rb8 50. Qb2 Bd6 51. Rg4 Be5 52. Qb1 b2 53. Rg5 Qe6 54. Rh5 Bf6 55. Rh7 Ra8 56. Qg6 Qe8 57. Qf5 Ra1 58. Rh5 b1Q 59. Qd5+ Qf7 0-1